les métiers - Statistiques

Statistiques générales
  • Ce quiz a été pris 7 fois
  • Le résultat moyen est 33 sur 60
Statistiques - réponses
français italien % Correct
agent agente
100%
agronome agronomo
100%
anthropologue antropologo
100%
arbitre arbitro
100%
archéologue archeologo
100%
architecte architetto
100%
acteur attore
100%
chanteur cantante
100%
dentiste dentista
100%
dermatologue dermatologo
100%
directeur direttore
100%
docteur dottore
100%
fleuriste fiorista
100%
journaliste giornalista
100%
écrivain scrittore
100%
administrateur amministratore
67%
chauffeur autista
67%
banquier banchiere
67%
bibliothécaire bibliotecario
67%
chasseur cacciatore
67%
caissier cassiere
67%
chirurgien chirurgo
67%
présentateur (télé) conduttore
67%
controleur controllore
67%
cuisinier cuoco
67%
pharmacien farmacista
67%
boucher macellaio
67%
ophtalmologue oftalmologo
67%
coiffeur parrucchiere
67%
berger pastore
67%
peintre pittore
67%
vétérinaire veterinario
67%
acrobate acrobata
33%
acupuncteur agopuntore
33%
aide-soignant aiuto infermiere
33%
apiculteur apicoltore
33%
astronaute astronauta
33%
bûcheron boscaiolo
33%
serveur cameriere
33%
agriculteur contadino
33%
avocat difensore
33%
livreur fattorino
33%
boulanger fornaio
33%
bijoutier gioielliere
33%
infirmier infermiere
33%
commerçant negoziante
33%
notaire notaio
33%
pompier pompiere
33%
facteur postalettere
33%
comptable ragioniere
33%
nounou (autre que baby- sitter) tata
33%
tatoueur tatuatore
33%
voyante chiaroveggente
0%
électricien elettricista
0%
charpentier falegname
0%
jardinier giardiniere
0%
ingénieur ingegnere
0%
maçon muratore
0%
éboueur netturbino
0%
opticien ottico
0%
Aucun quiz correspondant
Distribution des résultats
% des personnes avec chaque résultat
Percentile par nombre de réponses
Votre historique - résultats
Vous n’avez pas pris ce quiz